000 00729nam a2200265Ia 4500
005 20260302114135.0
008 008 260114s9999 xx 000 0 eng d
020 _a9781978734258
037 _aTextbook
040 _aCRL
040 _beng
040 _cCRL
041 _2eng
041 _aeng
084 _qCRL
100 _aLarry Alan Busk
_91117877
245 4 _aThe Right-Wing Mirror of Critical Theory Studies of Schmitt, Oakeshott, Hayek, Strauss, and Rand
260 _bBloomsbury
260 _bLexington Books
260 _c2023
650 _aPhilosophy
856 _uhttps://doi.org/10.5040/9781978734258?locatt=label:secondary_bloomsburyCollections
942 _cEBOOK
999 _c1681487
_d1681487